[Event "Warsaw Najdorf Memorial op-A 15th"]
[Site "Warsaw"]
[Date "2017.07.11"]
[Round "3"]
[White "Kukawski, Maciej"]
[Black "Fieberg, Samuel"]
[Result "0-1"]
[WhiteElo "2285"]
[BlackElo "2169"]
[PlyCount "54"]
[EventDate "2017.07.09"]
[EventType "swiss"]
[EventRounds "9"]
[EventCountry "POL"]
[SourceTitle "CBM 179 Extra"]
[Source "ChessBase"]
[SourceDate "2017.08.23"]
[SourceVersion "1"]
[SourceVersionDate "2017.08.23"]
[SourceQuality "1"]

1. e4 c5 2. c3 Nf6 3. e5 Nd5 4. Nf3 Nc6 5. Bc4 Nb6 6. Bb3 d5 7. exd6 c4 8. Bc2 e5 9. Qe2 Bxd6 10. b3 cxb3 11. axb3 0-0 12. 0-0 Bg4 13. b4 a6 14. b5 axb5 15. Rxa8 Nxa8 16. h3 Bh5 17. g4 Bg6 18. Bxg6 hxg6 19. Re1 Qa5 20. d4 exd4 21. cxd4 Nc7 22. Qb2 Rd8 23. Nbd2 Bf8 24. Nb3 Qb4 25. Bd2 Qc4 26. Na5 Qd5 27. Kg2 Ne6 0-1

[Event "Warsaw Najdorf Memorial op-A 12th"]
[Site "Warsaw"]
[Date "2014.07.14"]
[Round "1"]
[White "Kukawski, Maciej"]
[Black "Petrosian, Tigran L"]
[Result "0-1"]
[WhiteElo "2346"]
[BlackElo "2629"]
[PlyCount "56"]
[EventDate "2014.07.14"]
[EventType "swiss"]
[EventRounds "9"]
[EventCountry "POL"]
[SourceTitle "CBM 161 Extra"]
[Source "ChessBase"]
[SourceDate "2014.08.29"]
[SourceVersion "1"]
[SourceVersionDate "2014.08.29"]
[SourceQuality "1"]

1. e4 d6 2. d4 g6 3. Nc3 Bg7 4. f4 a6 5. Nf3 b5 6. Bd3 Nd7 7. e5 c5 8. Be4 Rb8 9. Be3 c4 10. Ng5 Nh6 11. h4 Nb6 12. e6 Bxe6 13. Nxe6 fxe6 14. h5 b4 15. Ne2 Nd5 16. Bf2 Ng4 17. hxg6 hxg6 18. Rxh8+ Bxh8 19. Bxg6+ Kd7 20. f5 Nxf2 21. Kxf2 exf5 22. c3 Qa5 23. Qc2 bxc3 24. Qxf5+ e6 25. Qf7+ Ne7 26. bxc3 Qg5 27. Rb1 Qxg6 28. Qxg6 Rf8+ 0-1

[Event "Warsaw YMCA 133rd"]
[Site "Warsaw"]
[Date "2014.01.20"]
[Round "3"]
[White "Rudolf, Michal"]
[Black "Kukawski, Maciej"]
[Result "1/2-1/2"]
[WhiteElo "2367"]
[BlackElo "2295"]
[PlyCount "197"]
[EventDate "2014.01.10"]
[EventType "tourn"]
[EventRounds "11"]
[EventCountry "POL"]
[EventCategory "2"]
[SourceTitle "EXT 2015"]
[Source "ChessBase"]
[SourceDate "2014.11.20"]
[SourceVersion "1"]
[SourceVersionDate "2014.11.20"]
[SourceQuality "1"]

1. d4 e6 2. c4 d5 3. Nc3 c6 4. e4 dxe4 5. Nxe4 Bb4+ 6. Nc3 c5 7. a3 Bxc3+ 8. bxc3 Nf6 9. Nf3 Nc6 10. Be2 Qa5 11. 0-0 Ne4 12. Bd3 Nxc3 13. Qe1 cxd4 14. Bb2 Qc5 15. Nxd4 Qxd4 16. Rd1 Qe5 17. Qd2 0-0 18. Bxc3 Qc5 19. Be4 f6 20. Qd3 Qh5 21. Qg3 e5 22. Rd6 Bf5 23. Bd5+ Kh8 24. Bxc6 bxc6 25. Rxc6 Rfc8 26. Rxc8+ Rxc8 27. f4 e4 28. Qe3 Rxc4 29. Rb1 h6 30. h3 Be6 31. Rb8+ Kh7 32. Rb7 Qg6 33. Rxa7 Bd5 34. Rd7 Rxc3 35. Qxc3 e3 36. Qb2 Qf5 37. Rd8 Qe4 38. Qe2 Bc4 39. Qf3 Qe7 40. Rd4 f5 41. Rxc4 e2 42. Rc1 e1Q+ 43. Rxe1 Qxe1+ 44. Kh2 Qd2 45. h4 Qe1 46. Qg3 Qe4 47. h5 Kh8 48. Qf2 Qa4 49. Qe3 Kh7 50. Qd2 Qe8 51. Qd1 Qe3 52. Qd6 Qe4 53. Qe5 Qc2 54. Qe8 Qf2 55. Qg6+ Kh8 56. Qg3 Qd4 57. Qf3 Kh7 58. Kh3 Qa1 59. Kh2 Qd4 60. Qg3 Kh8 61. Qf3 Kh7 62. g3 Qb2+ 63. Kh3 Qa1 64. Qd5 Qxa3 65. Qxf5+ Kh8 66. Qe4 Qc3 67. Qe5 Qf3 68. Qb8+ Kh7 69. Qb1+ Kh8 70. Kh4 Qe2 71. Qg1 Qe7+ 72. Kh3 Qe2 73. g4 Qf3+ 74. Qg3 Qh1+ 75. Qh2 Qf1+ 76. Kg3 Qd3+ 77. Kh4 Qd8+ 78. Kh3 Qd3+ 79. Qg3 Qf1+ 80. Kh2 Kh7 81. Qe3 Kh8 82. g5 hxg5 83. fxg5 Qf7 84. g6 Qc7+ 85. Kg1 Qd7 86. Qe4 Qd1+ 87. Kg2 Qd2+ 88. Kh3 Qd7+ 89. Kh4 Qd8+ 90. Kg4 Qd1+ 91. Kf4 Qd6+ 92. Qe5 Qxe5+ 93. Kxe5 Kg8 94. Ke6 Kh8 95. Ke7 Kg8 96. Ke6 Kh8 97. h6 Kg8 98. h7+ Kh8 99. Kf7 1/2-1/2

[Event "Warsaw YMCA 133rd"]
[Site "Warsaw"]
[Date "2014.01.10"]
[Round "1"]
[White "Cajbel, Maciej"]
[Black "Kukawski, Maciej"]
[Result "1/2-1/2"]
[WhiteElo "2205"]
[BlackElo "2295"]
[PlyCount "41"]
[EventDate "2014.01.10"]
[EventType "tourn"]
[EventRounds "11"]
[EventCountry "POL"]
[EventCategory "2"]
[SourceTitle "EXT 2015"]
[Source "ChessBase"]
[SourceDate "2014.11.20"]
[SourceVersion "1"]
[SourceVersionDate "2014.11.20"]
[SourceQuality "1"]

1. c4 c5 2. Nc3 Nf6 3. g3 d5 4. cxd5 Nxd5 5. Bg2 Nc7 6. Nf3 Nc6 7. 0-0 e5 8. d3 Be7 9. Nd2 Bd7 10. Nc4 0-0 11. Bxc6 Bxc6 12. Nxe5 Be8 13. Qb3 Bf6 14. Ng4 Bc6 15. Nxf6+ Qxf6 16. Qc4 Ne6 17. Be3 Rfe8 18. Rfe1 Rad8 19. Rac1 Nd4 20. Bxd4 cxd4 21. Ne4 1/2-1/2

[Event "POL-chT1"]
[Site "Szklarska Poreba"]
[Date "2013.09.15"]
[Round "9"]
[White "Janaszak, Dawid"]
[Black "Kukawski, Maciej"]
[Result "1-0"]
[WhiteElo "2407"]
[BlackElo "2284"]
[PlyCount "95"]
[EventDate "2013.09.07"]
[EventType "team-tourn"]
[EventRounds "9"]
[EventCountry "POL"]
[SourceTitle "EXT 2015"]
[Source "ChessBase"]
[SourceDate "2014.11.20"]
[SourceVersion "1"]
[SourceVersionDate "2014.11.20"]
[SourceQuality "1"]
[WhiteTeam "Ostrow Wielkopolski"]
[BlackTeam "Warsaw Polonia"]
[WhiteTeamCountry "POL"]
[BlackTeamCountry "POL"]

1. c4 c5 2. Nc3 Nf6 3. g3 d5 4. cxd5 Nxd5 5. Bg2 Nc7 6. Nf3 Nc6 7. 0-0 e5 8. a3 Rb8 9. d3 Be7 10. Be3 0-0 11. Nd2 Bd7 12. Nc4 f6 13. f4 b5 14. Nd2 Nd4 15. Rc1 Rc8 16. Bf2 exf4 17. gxf4 Bg4 18. Re1 f5 19. Nb3 Nde6 20. Qd2 Rf6 21. d4 Rg6 22. Kf1 Bh4 23. e3 Bxf2 24. Qxf2 Rh6 25. d5 c4 26. Na5 Nc5 27. Nc6 Qe8 28. e4 N7e6 29. exf5 Nd3 30. Qxa7 Qh5 31. Rxe6 Qxh2 32. Rxh6 Qxf4+ 33. Kg1 Qxc1+ 34. Bf1 Qxh6 35. Ne7+ Kh8 36. Nxc8 Bf3 37. Bxd3 cxd3 38. Kf2 Qh1 39. Ke3 Qh3 40. Kd2 b4 41. axb4 Bxd5 42. Nxd5 Qg2+ 43. Kc3 Qc2+ 44. Kd4 d2 45. Nc3 Qxf5 46. Qa8 Qf2+ 47. Kd3 h5 48. Ne7+ 1-0

[Event "POL-chT1"]
[Site "Szklarska Poreba"]
[Date "2013.09.12"]
[Round "6"]
[White "Kukawski, Maciej"]
[Black "Kolago, Marcin"]
[Result "0-1"]
[WhiteElo "2284"]
[BlackElo "2344"]
[PlyCount "98"]
[EventDate "2013.09.07"]
[EventType "team-tourn"]
[EventRounds "9"]
[EventCountry "POL"]
[SourceTitle "EXT 2015"]
[Source "ChessBase"]
[SourceDate "2014.11.20"]
[SourceVersion "1"]
[SourceVersionDate "2014.11.20"]
[SourceQuality "1"]
[WhiteTeam "Warsaw Polonia"]
[BlackTeam "Gminy Pawlowice"]
[WhiteTeamCountry "POL"]
[BlackTeamCountry "POL"]

1. e4 d5 2. exd5 Qxd5 3. Nc3 Qa5 4. d4 Nf6 5. Nf3 Bf5 6. Bc4 e6 7. Bd2 Bb4 8. a3 Bxc3 9. Bxc3 Qb6 10. 0-0 0-0 11. Ne5 Nc6 12. Nxc6 Qxc6 13. Bd3 Bxd3 14. Qxd3 Rfd8 15. Rfe1 Rd5 16. b3 Rad8 17. Qc4 Qd6 18. Qe2 Rf5 19. Bb2 h5 20. f3 Nd5 21. Rad1 b5 22. Kh1 Qc6 23. c4 bxc4 24. Qxc4 Qd6 25. Qc5 Qa6 26. Qc4 Qb7 27. Re5 Rxe5 28. dxe5 Rb8 29. Rd3 Qb5 30. Qxb5 Rxb5 31. g3 Rc5 32. Bd4 Rc1+ 33. Kg2 c5 34. Bg1 Rc2+ 35. Kh3 g5 36. Be3 c4 37. bxc4 Nxe3 38. Rxe3 Rxc4 39. Rb3 Kg7 40. g4 hxg4+ 41. fxg4 Re4 42. Rb7 Re3+ 43. Kg2 Rxa3 44. Rc7 a5 45. Ra7 a4 46. h3 Ra1 47. Kh2 a3 48. Kg2 a2 49. Kh2 Kg6 0-1

[Event "POL-chT1"]
[Site "Szklarska Poreba"]
[Date "2013.09.11"]
[Round "5"]
[White "Shkapenko, Pavel"]
[Black "Kukawski, Maciej"]
[Result "1-0"]
[WhiteElo "2407"]
[BlackElo "2284"]
[PlyCount "59"]
[EventDate "2013.09.07"]
[EventType "team-tourn"]
[EventRounds "9"]
[EventCountry "POL"]
[SourceTitle "EXT 2015"]
[Source "ChessBase"]
[SourceDate "2014.11.20"]
[SourceVersion "1"]
[SourceVersionDate "2014.11.20"]
[SourceQuality "1"]
[WhiteTeam "Pultusk Nadnarwianka"]
[BlackTeam "Warsaw Polonia"]
[WhiteTeamCountry "POL"]
[BlackTeamCountry "POL"]

1. d4 d5 2. Bg5 f6 3. Bf4 c5 4. Bxb8 Rxb8 5. e3 e6 6. Nf3 Qb6 7. b3 Bd6 8. Bd3 Ne7 9. 0-0 0-0 10. c4 Bd7 11. Nc3 cxd4 12. exd4 Bf4 13. Re1 Kh8 14. Qc2 Qc7 15. Re2 Rbc8 16. Rae1 Nc6 17. a3 dxc4 18. bxc4 Na5 19. c5 b6 20. Bxh7 f5 21. Bg6 Rf6 22. Nh4 Bg5 23. Nxf5 exf5 24. Nd5 Qd8 25. Nxf6 Qxf6 26. Be8 Qc6 27. d5 Qxd5 28. Rd1 Qxd1+ 29. Qxd1 Bxe8 30. Rxe8+ 1-0

[Event "POL-chT1"]
[Site "Szklarska Poreba"]
[Date "2013.09.10"]
[Round "4"]
[White "Miroslaw, Michal"]
[Black "Kukawski, Maciej"]
[Result "1/2-1/2"]
[WhiteElo "2340"]
[BlackElo "2284"]
[PlyCount "96"]
[EventDate "2013.09.07"]
[EventType "team-tourn"]
[EventRounds "9"]
[EventCountry "POL"]
[SourceTitle "EXT 2015"]
[Source "ChessBase"]
[SourceDate "2014.11.20"]
[SourceVersion "1"]
[SourceVersionDate "2014.11.20"]
[SourceQuality "1"]
[WhiteTeam "Lublin Drakon"]
[BlackTeam "Warsaw Polonia"]
[WhiteTeamCountry "POL"]
[BlackTeamCountry "POL"]

1. e4 e5 2. Nf3 Nc6 3. Bb5 a6 4. Ba4 Nf6 5. 0-0 Be7 6. Re1 b5 7. Bb3 d6 8. c3 0-0 9. h3 Na5 10. Bc2 c5 11. d4 Nd7 12. Nbd2 cxd4 13. cxd4 Nc6 14. d5 Nb4 15. Bb1 a5 16. Nf1 Nb6 17. Bd2 Nc4 18. Bxb4 axb4 19. b3 Na5 20. Bd3 Nb7 21. Bxb5 Nc5 22. Re2 f5 23. exf5 Bxf5 24. Ng3 Bg6 25. Rc1 Ra5 26. Bc4 Kh8 27. a4 Rf4 28. Re3 Ra8 29. Bb5 Qg8 30. Rc4 Raf8 31. Rxf4 Rxf4 32. Bc4 Nxa4 33. Qa1 Nb6 34. Qa7 Nxc4 35. bxc4 Bf8 36. Nd2 Rd4 37. Qa2 Be7 38. Nge4 Qc8 39. Kh2 h6 40. f3 Bg5 41. Nxg5 hxg5 42. Qb2 Qf5 43. Re4 Rxe4 44. fxe4 Qf4+ 45. Kh1 b3 46. Nxb3 Qf1+ 47. Kh2 Qf4+ 48. Kh1 Qf1+ 1/2-1/2

[Event "POL-chT1"]
[Site "Szklarska Poreba"]
[Date "2013.09.07"]
[Round "1"]
[White "Mikrut, Dariusz"]
[Black "Kukawski, Maciej"]
[Result "0-1"]
[WhiteElo "2356"]
[BlackElo "2284"]
[PlyCount "66"]
[EventDate "2013.09.07"]
[EventType "team-tourn"]
[EventRounds "9"]
[EventCountry "POL"]
[SourceTitle "EXT 2015"]
[Source "ChessBase"]
[SourceDate "2014.11.20"]
[SourceVersion "1"]
[SourceVersionDate "2014.11.20"]
[SourceQuality "1"]
[WhiteTeam "Krakow Wisla"]
[BlackTeam "Warsaw Polonia"]
[WhiteTeamCountry "POL"]
[BlackTeamCountry "POL"]

1. d4 d5 2. c4 Nc6 3. Nc3 Nf6 4. cxd5 Nxd5 5. Nf3 e5 6. dxe5 Bb4 7. Bd2 Nxc3 8. bxc3 Ba5 9. e4 Qe7 10. Bb5 Qc5 11. Qa4 Bd7 12. Nd4 Bxc3 13. Bxc6 Bxc6 14. Nxc6 Bxa1 15. Nd4+ b5 16. Nxb5 0-0 17. 0-0 Rfb8 18. Nxc7 Qxc7 19. Rxa1 Qxe5 20. Re1 Qb5 21. Qa3 Qb2 22. Qe3 Qxa2 23. h4 Rb1 24. Rxb1 Qxb1+ 25. Kh2 Qb6 26. Qg3 Qg6 27. Qf4 Qh6 28. Qxh6 gxh6 29. Ba5 Rb8 30. Kg3 Rb5 31. Bd8 a5 32. Kf3 a4 33. Bf6 a3 0-1

[Event "Warsaw Najdorf Memorial op-A 11th"]
[Site "Warsaw"]
[Date "2013.08.12"]
[Round "8"]
[White "Kukawski, Maciej"]
[Black "Liberadzki, Slawomir"]
[Result "1/2-1/2"]
[WhiteElo "2317"]
[BlackElo "2088"]
[PlyCount "93"]
[EventDate "2013.08.05"]
[EventType "swiss"]
[EventRounds "9"]
[EventCountry "POL"]
[SourceTitle "CBM 155 Extra"]
[Source "ChessBase"]
[SourceDate "2013.08.26"]
[SourceVersion "1"]
[SourceVersionDate "2013.08.26"]
[SourceQuality "1"]

1. e4 c5 2. c3 Nf6 3. e5 Nd5 4. d4 cxd4 5. Nf3 Nc6 6. Bc4 Nb6 7. Bb3 d6 8. exd6 Qxd6 9. Na3 dxc3 10. Qxd6 exd6 11. Nb5 Rb8 12. bxc3 a6 13. Be3 axb5 14. Bxb6 Be7 15. 0-0-0 Be6 16. Rhe1 Kd7 17. Nd2 Ne5 18. Ne4 Kc6 19. Bd4 Nc4 20. g3 d5 21. Nd2 Ba3+ 22. Kb1 Nb2 23. Bxg7 Rhe8 24. Bc2 Nxd1 25. Rxd1 h5 26. Nb3 Bc5 27. Bd4 b6 28. f3 Bh3 29. Bg1 Bg2 30. Kb2 Re7 31. Nd4+ Bxd4 32. Bxd4 Bxf3 33. Rf1 Be4 34. Bd1 f5 35. Bxh5 Rh7 36. g4 Rg8 37. h3 Kb7 38. Kb3 Ka6 39. a4 bxa4+ 40. Kxa4 Rh6 41. Bf7 fxg4 42. Bxg8 gxh3 43. Be3 Rh8 44. Rf8 h2 45. Ra8+ Kb7 46. Bxd5+ Bxd5 47. Rxh8 1/2-1/2

[Event "Warsaw Najdorf Memorial op-A 11th"]
[Site "Warsaw"]
[Date "2013.08.07"]
[Round "3"]
[White "Kukawski, Maciej"]
[Black "Cajbel, Maciej"]
[Result "1-0"]
[WhiteElo "2317"]
[BlackElo "2201"]
[PlyCount "63"]
[EventDate "2013.08.05"]
[EventType "swiss"]
[EventRounds "9"]
[EventCountry "POL"]
[SourceTitle "CBM 155 Extra"]
[Source "ChessBase"]
[SourceDate "2013.08.26"]
[SourceVersion "1"]
[SourceVersionDate "2013.08.26"]
[SourceQuality "1"]

1. d4 g6 2. e4 Bg7 3. Nc3 c6 4. f4 d5 5. e5 Qb6 6. Na4 Qc7 7. Be3 Nh6 8. h3 0-0 9. Qd2 f6 10. Nf3 Nd7 11. c4 Nb6 12. Nxb6 Qxb6 13. c5 Qc7 14. g4 fxe5 15. Nxe5 Nf7 16. Be2 Nxe5 17. fxe5 b6 18. Rc1 a5 19. h4 bxc5 20. Rxc5 Ba6 21. h5 Bxe2 22. Qxe2 Qd7 23. hxg6 hxg6 24. Rc3 Rab8 25. Kd1 Rb5 26. Bh6 Rb4 27. Kc1 Bxh6+ 28. Rxh6 Rxd4 29. Rxg6+ Kh7 30. Rcxc6 e6 31. Rgxe6 Rc4+ 32. Qxc4 1-0

[Event "Warsaw Najdorf Memorial op-A 11th"]
[Site "Warsaw"]
[Date "2013.08.05"]
[Round "1"]
[White "Kukawski, Maciej"]
[Black "Rozycki, Bartlomiej"]
[Result "1/2-1/2"]
[WhiteElo "2317"]
[BlackElo "2041"]
[PlyCount "69"]
[EventDate "2013.08.05"]
[EventType "swiss"]
[EventRounds "9"]
[EventCountry "POL"]
[SourceTitle "CBM 155 Extra"]
[Source "ChessBase"]
[SourceDate "2013.08.26"]
[SourceVersion "1"]
[SourceVersionDate "2013.08.26"]
[SourceQuality "1"]

1. e4 Nf6 2. e5 Nd5 3. d4 d6 4. c4 Nb6 5. exd6 exd6 6. Nc3 Be7 7. Qf3 Nc6 8. Be3 Be6 9. b3 Bf6 10. 0-0-0 d5 11. c5 Nc8 12. g4 h5 13. gxh5 N8e7 14. Bh3 Qd7 15. h6 0-0-0 16. Bxe6 Qxe6 17. hxg7 Bxg7 18. Nge2 Rh4 19. Nb5 Qh3 20. Qg3 Qxg3 21. hxg3 Rxh1 22. Rxh1 Nf5 23. Rh5 Nxe3 24. fxe3 a6 25. Nbc3 Ne7 26. Nf4 c6 27. Rh7 Rg8 28. Nh5 Bf8 29. Rxf7 Kd8 30. Ne2 Bh6 31. Kd2 Rh8 32. g4 Ke8 33. Rf3 Bg5 34. Nef4 Ng8 35. Ng6 1/2-1/2

[Event "Warsaw Najdorf Memorial op-A 10th"]
[Site "Warsaw"]
[Date "2012.08.08"]
[Round "3"]
[White "Baciu, Diana"]
[Black "Kukawski, Maciej"]
[Result "1-0"]
[WhiteElo "2186"]
[BlackElo "2346"]
[PlyCount "155"]
[EventDate "2012.08.06"]
[EventType "swiss"]
[EventRounds "9"]
[EventCountry "POL"]
[SourceTitle "CBM 149 Extra"]
[Source "ChessBase"]
[SourceDate "2012.08.24"]
[SourceVersion "1"]
[SourceVersionDate "2012.08.24"]
[SourceQuality "1"]

1. e4 c5 2. Nf3 d6 3. d4 cxd4 4. Qxd4 a6 5. c4 Nc6 6. Qd2 g6 7. Nc3 Bh6 8. Qc2 Bg7 9. Be2 Bg4 10. 0-0 Nf6 11. Rd1 Nd7 12. Be3 Rc8 13. c5 dxc5 14. Bxc5 0-0 15. Be3 Qa5 16. Nd4 Nxd4 17. Bxd4 Be6 18. Qd2 Bxd4 19. Qxd4 Rfd8 20. Nd5 Bxd5 21. exd5 Nf6 22. Qe5 Qc7 23. Qg5 Qd6 24. Bf3 Rc5 25. h3 Kg7 26. a3 a5 27. Qe3 Rd7 28. Qd4 Rd8 29. Qe3 Rc2 30. Rd2 Rxd2 31. Qxd2 b6 32. Qe3 Rc8 33. Re1 Rc7 34. Rd1 Rc5 35. Qd4 Kg8 36. Qd3 Rc7 37. Qb5 Rc2 38. b3 Kg7 39. a4 Rc3 40. h4 Qc7 41. h5 Rc1 42. Qe2 Rxd1+ 43. Qxd1 Qe5 44. hxg6 hxg6 45. Qd2 Nd7 46. g3 Qd6 47. Qc3+ Qf6 48. Qe3 Ne5 49. Be2 Qd6 50. Qd4 f6 51. f4 Nd7 52. Kg2 e5 53. Qc4 Kf7 54. Qc6 Ke7 55. Bb5 e4 56. Qa8 f5 57. Qb7 Kd8 58. Bxd7 Qxd7 59. Qxb6+ Qc7 60. Qxg6 Qc2+ 61. Kh3 Qxb3 62. Qg8+ Kd7 63. Qe6+ Kd8 64. Qf6+ Kc7 65. d6+ Kc6 66. d7+ Kxd7 67. Qxf5+ Kc7 68. Qxe4 Qb4 69. Qc2+ Kd7 70. f5 Ke7 71. Qe2+ Kf6 72. Qe6+ Kg7 73. f6+ Kh6 74. Qe7 Qc3 75. f7 Qc8+ 76. g4 Qc3+ 77. Kh4 Kg6 78. f8N+ 1-0

[Event "Warsaw YMCA 95th"]
[Site "Warsaw"]
[Date "2011.11.18"]
[Round "7"]
[White "Kukawski, Maciej"]
[Black "Strzemiecki, Zbigniew"]
[Result "0-1"]
[WhiteElo "2338"]
[BlackElo "2421"]
[PlyCount "38"]
[EventDate "2011.09.30"]
[EventType "tourn"]
[EventRounds "11"]
[EventCountry "POL"]
[EventCategory "3"]
[SourceTitle "EXT 2014"]
[Source "ChessBase"]
[SourceDate "2013.11.20"]
[SourceVersion "1"]
[SourceVersionDate "2013.11.20"]
[SourceQuality "1"]

1. e4 e6 2. d4 d5 3. Nc3 Nf6 4. e5 Nfd7 5. Nce2 c5 6. c3 Nc6 7. f4 Qb6 8. Nf3 f6 9. g3 cxd4 10. cxd4 fxe5 11. fxe5 Bb4+ 12. Nc3 0-0 13. Bf4 Be7 14. Bh3 Qxb2 15. Bxe6+ Kh8 16. Na4 Qg2 17. Rf1 Bb4+ 18. Nd2 Nxd4 19. Rf2 Qe4+ 0-1

[Event "Warsaw YMCA 95th"]
[Site "Warsaw"]
[Date "2011.11.04"]
[Round "6"]
[White "Kosiorek, Marek"]
[Black "Kukawski, Maciej"]
[Result "0-1"]
[WhiteElo "2355"]
[BlackElo "2338"]
[PlyCount "60"]
[EventDate "2011.09.30"]
[EventType "tourn"]
[EventRounds "11"]
[EventCountry "POL"]
[EventCategory "3"]
[SourceTitle "EXT 2014"]
[Source "ChessBase"]
[SourceDate "2013.11.20"]
[SourceVersion "1"]
[SourceVersionDate "2013.11.20"]
[SourceQuality "1"]

1. d4 Nf6 2. c4 c5 3. e3 cxd4 4. exd4 d5 5. Nc3 g6 6. cxd5 Nxd5 7. Nf3 Bg7 8. Be2 0-0 9. 0-0 Nc6 10. Bg5 Be6 11. Qd2 Qb6 12. Rad1 Rfd8 13. Rfe1 Qa5 14. h3 a6 15. Bf1 Nxc3 16. bxc3 Qxa2 17. Qf4 b5 18. h4 Qd5 19. Bd3 Qd6 20. Qe3 Bd5 21. h5 Qd7 22. hxg6 hxg6 23. Qf4 b4 24. Qh4 bxc3 25. Re3 Bxf3 26. Rxf3 Qxd4 27. Rf4 Qb6 28. Qh3 Ne5 29. Bc2 Rxd1+ 30. Bxd1 Qb1 0-1

[Event "Warsaw YMCA 95th"]
[Site "Warsaw"]
[Date "2011.10.21"]
[Round "4"]
[White "Nguyen, Piotr"]
[Black "Kukawski, Maciej"]
[Result "1/2-1/2"]
[WhiteElo "2368"]
[BlackElo "2338"]
[PlyCount "63"]
[EventDate "2011.09.30"]
[EventType "tourn"]
[EventRounds "11"]
[EventCountry "POL"]
[EventCategory "3"]
[SourceTitle "EXT 2014"]
[Source "ChessBase"]
[SourceDate "2013.11.20"]
[SourceVersion "1"]
[SourceVersionDate "2013.11.20"]
[SourceQuality "1"]

1. d4 Nf6 2. Nf3 c5 3. d5 b5 4. c4 e6 5. Bg5 h6 6. Bh4 Qa5+ 7. Nfd2 bxc4 8. Bxf6 gxf6 9. e4 Bg7 10. Nc3 f5 11. exf5 0-0 12. Qf3 exf5 13. Nxc4 Qb4 14. 0-0-0 Ba6 15. a3 Qb3 16. Nd6 Bxf1 17. Rhxf1 Na6 18. Nxf5 Rab8 19. Rd2 Bxc3 20. Qxc3 Qxc3+ 21. bxc3 Rb3 22. Kc2 Rfb8 23. Re1 Rb2+ 24. Kd3 c4+ 25. Ke2 Nc5 26. Nd6 Na4 27. Rc1 Rb1 28. Rdc2 R8b2 29. Ke3 Nb6 30. a4 Rxc1 31. Rxc1 Ra2 32. Rd1 1/2-1/2

[Event "Warsaw YMCA 95th"]
[Site "Warsaw"]
[Date "2011.10.14"]
[Round "3"]
[White "Kukawski, Maciej"]
[Black "Przedmojski, Rafal"]
[Result "1/2-1/2"]
[WhiteElo "2338"]
[BlackElo "2374"]
[PlyCount "107"]
[EventDate "2011.09.30"]
[EventType "tourn"]
[EventRounds "11"]
[EventCountry "POL"]
[EventCategory "3"]
[SourceTitle "EXT 2014"]
[Source "ChessBase"]
[SourceDate "2013.11.20"]
[SourceVersion "1"]
[SourceVersionDate "2013.11.20"]
[SourceQuality "1"]

1. e4 c6 2. d4 d5 3. e5 Bf5 4. Nc3 h5 5. Bd3 Bxd3 6. Qxd3 e6 7. Nf3 Ne7 8. Bg5 Qa5 9. 0-0 Qa6 10. Qd2 Nd7 11. Ne2 c5 12. Rfe1 Nc6 13. Nf4 Nxd4 14. Qd1 g6 15. Nxd4 cxd4 16. Nxd5 exd5 17. e6 fxe6 18. Qxd4 Rh7 19. Qxd5 Re7 20. Qe4 e5 21. f4 Qc6 22. Qe2 0-0-0 23. Bxe7 Bxe7 24. fxe5 Re8 25. e6 Nf8 26. Qd3 Bc5+ 27. Kh1 Rxe6 28. Rxe6 Qxe6 29. Qc3 Qe3 30. Qg7 Qd4 31. Qf7 Qd7 32. Qc4 Qd4 33. Qf7 Qxb2 34. Re1 Nd7 35. Qxg6 Qxa2 36. Rd1 Qa4 37. Qxh5 Kc7 38. Qf5 b6 39. h3 a5 40. g3 Qc6+ 41. Kh2 Bd6 42. h4 Qc4 43. Kh3 a4 44. h5 a3 45. h6 Qc3 46. Rd3 Qf6 47. Qd5 Qxh6+ 48. Kg2 Qg6 49. Kh3 Ne5 50. Rc3+ Kd7 51. Rxa3 Qh7+ 52. Kg2 Qxc2+ 53. Kh3 Qh7+ 54. Kg2 1/2-1/2

[Event "POL-chT 2nd League"]
[Site "Mrzezyno"]
[Date "2011.09.05"]
[Round "3.3"]
[White "Pinkas, Karol"]
[Black "Kukawski, Maciej"]
[Result "0-1"]
[WhiteElo "2320"]
[BlackElo "2338"]
[PlyCount "62"]
[EventDate "2011.09.03"]
[EventType "team-swiss"]
[EventRounds "9"]
[EventCountry "POL"]
[SourceTitle "EXT 2015"]
[Source "ChessBase"]
[SourceDate "2014.11.20"]
[SourceVersion "1"]
[SourceVersionDate "2014.11.20"]
[SourceQuality "1"]
[WhiteTeam "Jaworzno JKSz MCKiS"]
[BlackTeam "Warszawa Polonia II"]
[WhiteTeamCountry "POL"]
[BlackTeamCountry "POL"]

1. e4 c5 2. Nf3 d6 3. d4 cxd4 4. Nxd4 Nf6 5. Nc3 e6 6. g3 Nc6 7. Bg2 Be7 8. Nxc6 bxc6 9. e5 Nd5 10. exd6 Bxd6 11. 0-0 Ba6 12. Re1 0-0 13. Ne4 Be7 14. Bd2 Rb8 15. b3 f5 16. Nc3 Bf6 17. Nxd5 Bxa1 18. Rxe6 cxd5 19. Rxa6 Be5 20. Ra5 f4 21. Bxd5+ Kh8 22. Qh5 Bd4 23. Be4 g6 24. Bxg6 Rb7 25. Rd5 Qb6 26. Be4 fxg3 27. Ba5 gxf2+ 28. Kf1 Rg7 29. Rf5 Qb5+ 30. Rxb5 Rg1+ 31. Ke2 f1Q+ 0-1

[Event "POL-chT 2nd League"]
[Site "Mrzezyno"]
[Date "2011.09.04"]
[Round "2"]
[White "Kukawski, Maciej"]
[Black "Brzezinski, Mateusz"]
[Result "1-0"]
[WhiteElo "2338"]
[BlackElo "2017"]
[PlyCount "87"]
[EventDate "2011.09.03"]
[EventType "team-swiss"]
[EventRounds "9"]
[EventCountry "POL"]
[SourceTitle "EXT 2015"]
[Source "ChessBase"]
[SourceDate "2014.11.20"]
[SourceVersion "1"]
[SourceVersionDate "2014.11.20"]
[SourceQuality "1"]
[WhiteTeam "Warszawa Polonia II"]
[BlackTeam "Bydgoszcz Hetman"]
[WhiteTeamCountry "POL"]
[BlackTeamCountry "POL"]

1. e4 c5 2. Nf3 Nc6 3. Bb5 g6 4. 0-0 Bg7 5. c3 Nf6 6. Qa4 0-0 7. d4 cxd4 8. cxd4 a6 9. d5 Na7 10. Bd3 d6 11. Be3 Nd7 12. Qb3 Nc5 13. Bxc5 dxc5 14. a4 Rb8 15. Bxa6 Qa5 16. Be2 b5 17. Nbd2 Bd7 18. axb5 Qc7 19. Rfc1 Nxb5 20. Qe3 Bxb2 21. Rxc5 Qb6 22. Bxb5 Bxb5 23. Rb1 Ba6 24. Ne5 Qd6 25. Nc6 Rb7 26. Ra5 Bb5 27. Rxb2 Bxc6 28. Rb6 Qc7 29. Rxb7 Bxb7 30. Rc5 Qb6 31. h4 e6 32. Nc4 Qb1+ 33. Kh2 exd5 34. exd5 Ba6 35. Nd2 Qb8+ 36. g3 Rc8 37. Rxc8+ Qxc8 38. Qe5 Bd3 39. d6 Qc6 40. g4 Qd7 41. Qe7 Bb5 42. Ne4 Kg7 43. Qe5+ Kh6 44. g5+ 1-0